Đặc sắc tiểu thuyết Giã biệt bóng tối của Tạ Duy Anh
Tạ Duy Anh và quá trình làm mới nghệ thuật tiểu thuyết. Cái nhìn nhân bản về đời sống trong Giã biệt bóng tối của Tạ Duy Anh. Các phương thức nghệ thuật trong Giã biệt bóng tối của Tạ Duy Anh
Guardado en:
| Autor principal: | |
|---|---|
| Otros Autores: | |
| Formato: | Libro |
| Lenguaje: | Vietnamese |
| Publicado: |
Đà Nẵng
Đại học Sư phạm, Đại học Đà Nẵng
2012
|
| Materias: | |
| Etiquetas: |
Agregar Etiqueta
Sin Etiquetas, Sea el primero en etiquetar este registro!
|
| Thư viện lưu trữ: | Mạng thư viện Đại học Đà Nẵng |
|---|
| LEADER | 01814nam a2200349 4500 | ||
|---|---|---|---|
| 001 | 000016936 | ||
| 003 | 13346 | ||
| 005 | 20130111160147.0 | ||
| 008 | 130111s2012 viesd | ||
| 041 | 0 | |a vie | |
| 082 | |a 895.9223 |b LÊ-T | ||
| 100 | 1 | |a Lê Thị Hồng Thái | |
| 245 | 0 | |a Đặc sắc tiểu thuyết Giã biệt bóng tối của Tạ Duy Anh |c Lê Thị Hồng Thái |k Khóa luận tốt nghiệp | |
| 260 | |a Đà Nẵng |b Đại học Sư phạm, Đại học Đà Nẵng |c 2012 | ||
| 300 | |a 56 tr., phụ lục 5 tr. |c 29 cm. |e Đĩa CD, tài liệu tóm tắt | ||
| 500 | |a Khóa luận tốt nghiệp đại học. Chuyên ngành: Cử nhân văn học | ||
| 504 | |a Mục lục đầu trang, tài liệu tham khảo tr. 73 - 74, phụ lục [13 tr.] | ||
| 520 | |a Tạ Duy Anh và quá trình làm mới nghệ thuật tiểu thuyết. Cái nhìn nhân bản về đời sống trong Giã biệt bóng tối của Tạ Duy Anh. Các phương thức nghệ thuật trong Giã biệt bóng tối của Tạ Duy Anh | ||
| 600 | 1 | 4 | |a Tạ Duy Anh |b Vua |c Đinh Tiên Hoàng |d 1959 |t Giã biệt bóng tối |
| 650 | 0 | 4 | |a Tiểu thuyết Việt Nam |v Khóa luận tốt nghiệp |x Nghiên cứu |
| 653 | |a Khoa Ngữ văn |a Tiểu thuyết |a Giã biệt bóng tối | ||
| 700 | |a Ngô Minh Hiền |c T.S |e Hướng dẫn | ||
| OWN | |a LSP | ||
| AVA | |a UDN50 |b LSP |d 895.9223 LÊ-T |e available |t Error 5001 Not defined in file expand_doc_bib_avail. |f 1 |g 0 |h N |i 0 |k 1 | ||
| 999 | |a From the UDN01 | ||
| AVA | |a UDN50 |b LSP |d 895.9223 LÊ-T |e available |t Error 5001 Not defined in file expand_doc_bib_avail. |f 1 |g 0 |h N |i 0 |k 1 | ||
| TYP | |a Monograph | ||
| TYP | |a Printed language | ||
| 980 | |a Mạng thư viện Đại học Đà Nẵng | ||